000 00939cam a22002537a 4500
999 _c7645
_d7645
003 OSt
005 20200317115401.0
008 041005s2003 enkab b 001 0 eng
020 _a9780750677486
035 _a(OCoLC)ocm52784688
082 0 0 _a725.3
_222
_bCOL
100 1 _aCollis, Hugh.
245 1 0 _aTransport, engineering, and architecture /
_cHugh Collis.
260 _aOxford ;
_aBoston :
_bArchitectural Press,
_cc2003.
300 _a240 p. :
_bill. (chiefly col.), col. maps ;
_c30 cm.
504 _aIncludes bibliographical references (p. 236) and index.
505 0 0 _tAirports --
_tRailways --
_tBridges --
_tTransport planning and special projects.
650 0 _aStructural analysis (Engineering)
650 0 _aTransportation buildings
_xDesign and construction.
650 0 _aAirports
_xDesign and construction.
650 0 _aRailroads
_xDesign and construction.
650 0 _aBridges
_xDesign and construction.
942 _2ddc